| 000 | 00634nam a22002057a 4500 | ||
|---|---|---|---|
| 999 |
_c9302 _d9302 |
||
| 003 | AR-CdUCM | ||
| 008 | 190327b ||||| |||| 00| 0 spa d | ||
| 040 |
_aMUNICIPALIDAD PROVINCIAL DEL CUSCO _cBIBLIOTECA MUNICIPAL DEL CUSCO |
||
| 082 |
_a869.624 / _bES93 |
||
| 100 |
_aEstipiñán Bass, Nelson _925415 |
||
| 245 | _aEl Último Río / | ||
| 260 |
_aEcuador : _bCasa de la Cultura Ecuatoriana ; _c1966. |
||
| 300 |
_a369 páginas ; _c21cm |
||
| 500 | _aCon dedicatoria a Luis Nieto | ||
| 505 | _aContenido: Novela | ||
| 650 |
_aNovela _9572 |
||
| 650 |
_aLiteratura ecuatoriana _911889 |
||
| 942 |
_2ddc _cLIBROS |
||
| 945 | _anom | ||